Pokémon- Les différentes formes que peut prendre Motisma - Statistiques

Statistiques générales
  • Ce quiz a été pris 23 fois
  • Le résultat moyen est 6 sur 10
Statistiques - réponses
Par images Réponse % Correct
Motisma Dex
94%
Motisma Froid
75%
Motisma Lavage
69%
Motisma Chaleur
63%
Motisma Hélice
63%
Motismart
63%
Motisma Tonte
63%
Moticyclette
31%
Motisma Drone
31%
Infotisma
6%
Aucun quiz correspondant
Distribution des résultats
% des personnes avec chaque résultat
Percentile par nombre de réponses
Votre historique - résultats
Vous n’avez pas pris ce quiz